| 000 | 00590cam a2200181 4500 | ||
|---|---|---|---|
| 082 | 0 | 0 |
_a674.2 _bDES _cD |
| 100 | 1 |
_aDesch, H. E. _945082 |
|
| 245 | 0 | 0 |
_aTimber: its structure and properties _cH. E. Desch. _bH.e. desch |
| 250 | _a4th ed. | ||
| 260 |
_aNew York, _bSt. Martin's Press _c[1968] |
||
| 300 |
_axx, 424 p. _billus. _c23 cm. |
||
| 500 | _aSixth ed. published in 1981 under title: Timber, its structure, properties, and utilisation. | ||
| 526 |
_a0 _b0 _c0 _d674_200000000000000_DES |
||
| 650 | 0 |
_aMCE _9379 |
|
| 650 | 0 |
_aTimber. _943280 |
|
| 650 | 0 |
_aWood. _927279 |
|
| 942 |
_2ddc _cBK |
||
| 999 |
_c548682 _d548682 |
||